000 00753nam a2200253 a 4500
001 71250
003 BD-RjUL
005 20211209082107.0
008 170430s2001 bg ao||| ||||o00| 0 eng d
035 _a(BD-RjUL)71465
040 _aBD-RjUL
_beng
_cBD-RjUL
_dBD-RjUL
041 _aeng
082 _223
_a328.1
_bASE 2001
100 _aAshraf, Md. Ali
_9210806
245 1 0 _aEthical standards of parliamentarians /
_cMd. Ali ashraf
250 _a1st ed.
260 _aDhaka :
_bBangladesh institute of parliamentary studies ,
_c2001
300 _aii, 54 p. :
_bill. ;
_c22 cm.
490 _aBIPS Monograph ;
_vNo. 4
650 _aParliamentarians
_9212214
650 _aEthics
_9212215
830 _aBIPS Monograph ;
_vNo. 4
_9212300
942 _2ddc
_cBK
999 _c71250
_d71250